Statistics for Artists That Have Worked with Kanye West

Click here to take the quiz!

General Stats

  • This quiz has been taken 42 times
  • The average score is 13 of 70

Answer Stats

Artist% Correct
Jay-Z
85%
Kid Cudi
77%
Rihanna
59%
Travis Scott
56%
Nicki Minaj
51%
Kendrick Lamar
49%
Drake
44%
Pusha T
44%
Rick Ross
44%
Lil Wayne
41%
Eminem
38%
Jamie Foxx
38%
The Weeknd
38%
Lil Baby
33%
Beyonce
26%
Nas
26%
Twista
26%
Ty Dolla $ign
26%
Alicia Keys
23%
Andre 3000
23%
DaBaby
23%
Future
23%
Katy Perry
23%
Paul McCartney
23%
Big Sean
21%
Lil Durk
21%
Desiigner
18%
Young Thug
18%
Common
15%
Dr Dre
15%
Estelle
15%
Fivio Foreign
15%
Lil Yachty
15%
The Game
13%
Westside Gunn
13%
Baby Keem
10%
DJ Khaled
10%
Don Toliver
10%
John Legend
10%
Marilyn Manson
10%
Mr. Hudson
10%
Conway the Machine
8%
Gucci Mane
8%
Jay Electronica
8%
Pop Smoke
8%
Q-Tip
8%
Quavo
8%
XXXTentacion
8%
YNW Melly
8%
Young Jeezy
8%
Busta Rhymes
5%
Juicy J
5%
Offset
5%
The-Dream
5%
Vory
5%
DMX
3%
French Montana
3%
Keri Hilson
3%
Ne-Yo
3%
Rooga
3%
Schoolboy Q
3%
Soulja Boy
3%
The Lox
3%
Thirty Seconds To Mars
3%
Vic Mensa
3%
Bono
0%
Jack Harlow
0%
Roscoe Dash
0%
Shenseea
0%
The World Famous Tony Williams
0%

Score Distribution

Percentile by Number Answered

Percent of People with Each Score

Your Score History

You have not taken this quiz